Inventors of ideas : (Record no. 5504)

MARC details
000 -LEADER
fixed length control field 03461nam a22003257a 4500
003 - CONTROL NUMBER IDENTIFIER
control field OSt
005 - DATE AND TIME OF LATEST TRANSACTION
control field 20260204163844.0
007 - PHYSICAL DESCRIPTION FIXED FIELD--GENERAL INFORMATION
fixed length control field a
008 - FIXED-LENGTH DATA ELEMENTS--GENERAL INFORMATION
fixed length control field 260129b |||||||| |||| 00| 0 eng d
020 ## - INTERNATIONAL STANDARD BOOK NUMBER
International Standard Book Number 9780357660331
040 ## - CATALOGING SOURCE
Original cataloging agency Foundation University
Language of cataloging eng
Transcribing agency Foundation University
Modifying agency FULib
Description conventions rda
050 ## - LIBRARY OF CONGRESS CALL NUMBER
Classification number JA 81
Item number .2024 T36
100 ## - MAIN ENTRY--PERSONAL NAME
Personal name Tannenbaum, Donald G.
Relator term author
9 (RLIN) 14498
245 00 - TITLE STATEMENT
Title Inventors of ideas :
Remainder of title introduction to political thought /
Statement of responsibility, etc. Donald G. Tannembaum with Briana L. McGinnis.
250 ## - EDITION STATEMENT
Edition statement 4th edition.
260 ## - PUBLICATION, DISTRIBUTION, ETC.
Place of publication, distribution, etc. Boston, USA :
Name of publisher, distributor, etc. Cengage Learning Inc.,
Date of publication, distribution, etc. 2024.
264 ## - PRODUCTION, PUBLICATION, DISTRIBUTION, MANUFACTURE, AND COPYRIGHT NOTICE
Copyright Date 2024.
300 ## - PHYSICAL DESCRIPTION
Materials specified resource
Extent xxiii, 546 pages
Other physical details ;
Dimensions 23 cm.
Type of unit volume
336 ## - CONTENT TYPE
Source rdacontent
Content type term text
Content type code txt
337 ## - MEDIA TYPE
Source rdamedia
Media type term unmediated
Media type code n
338 ## - CARRIER TYPE
Source rdacarrier
Materials specified resource
Carrier type term volume
Carrier type code nc
504 ## - BIBLIOGRAPHY, ETC. NOTE
Bibliography, etc. note Includes index.
520 ## - ABSTRACT, SUMMARY, ETC.
Abstract, Summary, etc. Inventors of Ideas is intended to help students see how political theory connects diverse aspects of human life in ways that may not be readily apparent. It is designed for those enrolled in first courses in political theory and for the faculty who teach them. It can be used in conjunction with primary sources but can also stand on its own as an introduction to political theory, as a component of an introduction to the study of political science, or as part of a course examining the scope and methods of the discipline. Whatever the specific course content, this text is intended to bean accessible, but substantial, introduction to the subject.<br/>The overall aim of the book is to offer guidance through the history of political thought, demonstrating how ideas have emerged, changed, and been contested over time. This volume both offers a picture of the history of ideas and traces the path by which the people of the twenty first century have arrived at the present moment in politics. It should enable students to develop their critical reading skills, providing them with the tools needed to recognize, evaluate, and challenge arguments that may not be made explicitly in political rhetoric.<br/>A political theory textbook need not be merely a channel for transmitting information from book to reader. A text can promote active learning that excites and engages students and illuminates connections between seemingly abstract ideas and their own life experiences. It can demonstrate that a firm grounding in normative theory is not a hindrance to understanding or pursuing practical politics. On the contrary, for any well-educated politician or political scientist, theory and practice must work together, as Aristotle (Chapter 3) observed many centuries ago.<br/>This book has been written at a reading level that respects the "inventors of ideas” but makes them accessible to an audience with varied interests and backgrounds. No previous preparation in political theory is necessary. As such, any specialized names, terms, and concepts are identified and contextualized in the text. Additionally, more detailed definitions are provided in the glossary. -- Preface
650 ## - SUBJECT ADDED ENTRY--TOPICAL TERM
Source of heading or term LC
Topical term or geographic name entry element Ideology
9 (RLIN) 14499
650 ## - SUBJECT ADDED ENTRY--TOPICAL TERM
Source of heading or term LC
Topical term or geographic name entry element Political science
Form subdivision History
9 (RLIN) 14500
658 ## - INDEX TERM--CURRICULUM OBJECTIVE
Main curriculum objective Political Science, Master of Arts in :
Subordinate curriculum objective Contemporary Political Thought ;
Curriculum code POL326
700 ## - ADDED ENTRY--PERSONAL NAME
Personal name McGinnis, Briana L.
9 (RLIN) 14501
856 ## - ELECTRONIC LOCATION AND ACCESS
Uniform Resource Identifier <a href="https://drive.google.com/file/d/1l6-XvfpG1ONMACCWC9iBxsph3SLWl2-d/view?usp=sharing">https://drive.google.com/file/d/1l6-XvfpG1ONMACCWC9iBxsph3SLWl2-d/view?usp=sharing</a>
Link text Click here to view the table of content
942 ## - ADDED ENTRY ELEMENTS (KOHA)
Source of classification or shelving scheme Library of Congress Classification
Koha item type Books
Edition 4th edition.
Classification part JA 81
Item part .2024 T36
Call number prefix (CAS-PS)
Suppress in OPAC No
Holdings
Uniform Resource Identifier Withdrawn status Lost status Source of classification or shelving scheme Damaged status Not for loan Collection code Home library Current library Shelving location Date acquired Source of acquisition Total Checkouts Full call number Barcode Date last seen Price effective from Koha item type Accession Number
https://drive.google.com/file/d/1l6-XvfpG1ONMACCWC9iBxsph3SLWl2-d/view?usp=sharing     Library of Congress Classification   Preservation Copy Non-fiction Foundation University Library Foundation University Library CoArts & Sciences 01/29/2026 QT   (CAS-PS) JA 81 .2024 T36 0072026015010 01/29/2026 01/29/2026 Books CAS-PS-2026010
https://drive.google.com/file/d/1l6-XvfpG1ONMACCWC9iBxsph3SLWl2-d/view?usp=sharing     Library of Congress Classification   Room Use Only Non-fiction Foundation University Library Foundation University Library CoArts & Sciences 01/29/2026 QT   (CAS-PS) JA 81 .2024 T36 c2 0072026015011 01/29/2026 01/29/2026 Books CAS-PS-2026011
https://drive.google.com/file/d/1l6-XvfpG1ONMACCWC9iBxsph3SLWl2-d/view?usp=sharing     Library of Congress Classification     Non-fiction Foundation University Library Foundation University Library CoArts & Sciences 01/29/2026 QT   (CAS-PS) JA 81 .2024 T36 c3 0072026015012 01/29/2026 01/29/2026 Books CAS-PS-2026012